Statistics for Top US States by Solar Power

Click here to take the quiz!

General Stats

  • This quiz has been taken 21 times
  • The average score is 8 of 10

Answer Stats

Top 10 US States by Solar Power% Correct
1California
100%
2Texas
100%
5Arizona
94%
4Florida
94%
9Georgia
94%
6Nevada
94%
10New York
76%
3North Carolina
76%
7New Jersey
65%
8Massachusetts
53%

Score Distribution

Percentile by Number Answered

Percent of People with Each Score

Your Score History

You have not taken this quiz